[Event "Omegna op-B 3rd"]
[Site "Omegna"]
[Date "2015.08.09"]
[Round "5"]
[White "Panigoni, Giuseppe"]
[Black "Maffeo, Mauro"]
[Result "1/2-1/2"]
[WhiteElo "1722"]
[BlackElo "1694"]
[PlyCount "65"]
[EventDate "2015.08.07"]
[EventType "swiss"]
[EventRounds "5"]
[EventCountry "ITA"]
[SourceTitle "EXT 2018"]
[Source "ChessBase"]
[SourceDate "2017.10.13"]
[SourceVersion "1"]
[SourceVersionDate "2017.10.13"]
[SourceQuality "1"]

1. e4 e6 2. d4 d5 3. Nd2 Be7 4. e5 c5 5. c3 Nc6 6. Qg4 Kf8 7. Nb3 h5 8. Qh3 c4 9. Nd2 g5 10. g4 h4 11. Qf3 Nh6 12. Nh3 Ke8 13. Be2 f6 14. exf6 Bxf6 15. 0-0 Rf8 16. Qe3 Nf7 17. Nf3 Rg8 18. Bd2 Qe7 19. Rae1 Bd7 20. Bd1 Kf8 21. Bc1 Re8 22. b3 b5 23. Qd2 Qd8 24. bxc4 bxc4 25. Ba3+ Kg7 26. Bc1 Kh6 27. Nxh4 Kg7 28. Nf3 Kf8 29. Ba3+ Be7 30. Bxe7+ Qxe7 31. Re3 Qf6 32. Kg2 Qh6 33. Ba4 1/2-1/2